000 00873nam a22001937a 4500
999 _c61964
_d61964
003 Ge_BSU
005 20240617121012.0
008 240617b xxu||||| |||| 00| 0 geo d
041 _ageo
080 _a614.253 ბ-13
100 _aბაბუხადია, ვასილ
_922450
245 _aექიმის ფიცი და საექიმო ეთიკის ზოგიერთი საკითხი /
_cვასილ ბაბუხადია; რედ. ლ. ხარებაშვილი.
264 _aთბ. :
_bსაბჭ. საქართველო,
_c1987.
300 _a119 გვ. ;
_b20 სმ.
653 _aექიმის ფიცი
653 _aსაექიმო ეთიკა
700 _aხარებაშვილი, ლ.
_eრედაქტორი
_916279
942 _2udc
_cᲬᲘᲒᲜᲘ